004260000a220010900045001000019000002450113000193000053001327730016001859420008002019520090002099990017002991 aDewey, Douglas10aHow to separate school and state : A primer. A principled, practical guide to restoring parental sovereignty aVol. 46, Num. 7 (Julio, 1997), Páginas 480-4850 tThe Freeman cANA 001040708HEMaFUSBCbFUSBCd2016-01-26l0o r2016-01-26 00:00:00w2016-01-26yANA c56354d56354